EG (Record no. 80241)
[ view plain ]
| 000 -LEADER | |
|---|---|
| fixed length control field | 01051cab a22002415a 4500 |
| 001 - CONTROL NUMBER | |
| control field | L143593 |
| 008 - FIXED-LENGTH DATA ELEMENTS--GENERAL INFORMATION | |
| fixed length control field | 080520e20080517xxk f 000 0 eng d |
| 035 ## - SYSTEM CONTROL NUMBER | |
| System control number | (Sirsi) u143593 |
| 041 0# - LANGUAGE CODE | |
| Language code of text/sound track or separate title | eng |
| 100 1# - MAIN ENTRY--PERSONAL NAME | |
| Personal name | Harris, David |
| 245 00 - TITLE STATEMENT | |
| Title | EG |
| Remainder of title | offices |
| 260 ## - PUBLICATION, DISTRIBUTION, ETC. | |
| Date of publication, distribution, etc. | 2008 |
| 490 ## - SERIES STATEMENT | |
| Series statement | Estates Gazette |
| Volume/sequential designation | (0819) 17 May 2008, 93-111(14) |
| 520 ## - SUMMARY, ETC. | |
| Summary, etc. | Considers the effect of the financial crisis on regional cities as compared to the capital. Argues that for many letting companies, the key will be their strategy for making the most of space and dealing effectively with empty space. Reports that a proposed review of the planning system is generating little interest among jaded property companies. Presents a roundup of property professionals' tips for beating the economic downturn. |
| 590 ## - LOCAL NOTE (RLIN) | |
| Local note | KA |
| 650 24 - SUBJECT ADDED ENTRY--TOPICAL TERM | |
| Topical term or geographic name entry element | PLANNING (SCOTLAND) ACT 2006 |
| 651 #4 - SUBJECT ADDED ENTRY--GEOGRAPHIC NAME | |
| Geographic name | United Kingdom |
| Chronological subdivision | |
| 690 ## - LOCAL SUBJECT ADDED ENTRY--TOPICAL TERM (OCLC, RLIN) | |
| Topical term or geographic name as entry element | PROPERTY-COMMERCIAL PROPERTY-OFFICE PROPERTY |
| 700 1# - ADDED ENTRY--PERSONAL NAME | |
| Personal name | Russell, Jonathan |
| 700 1# - ADDED ENTRY--PERSONAL NAME | |
| Personal name | Norman, Paul |
| 700 1# - ADDED ENTRY--PERSONAL NAME | |
| Personal name | Kivlehan, Noella Pio |
| 942 ## - ADDED ENTRY ELEMENTS (KOHA) | |
| Suppress in OPAC | 0 |
| Withdrawn status | Lost status | Source of classification or shelving scheme | Damaged status | Not for loan | Home library | Current library | Shelving location | Date acquired | Total Checkouts | Full call number | Barcode | Date last seen | Copy number | Price effective from | Koha item type |
|---|---|---|---|---|---|---|---|---|---|---|---|---|---|---|---|
| Dewey Decimal Classification | London | London | Journal article | 20/05/2008 | L143593 | 143593-1001 | 06/08/2019 | 1 | 06/08/2019 | Journal article |